000 00589nam a2200241Ia 4500
005 20260320201150.0
008 008 262003s9999 xx 000 0 eng d
037 _aEBOOK
040 _aCRL
040 _beng
040 _cCRL
041 _2eng
041 _aeng
084 _qCRL
100 _aOh
245 0 _aTV White Space: The First Step Towards Better Utilization of Frequency Spectrum
260 _bIEEE
260 _c2017
856 _uhttps://ieeexplore.ieee.org/servlet/opac?bknumber=7601576
942 _cEBOOK
999 _c1719339
_d1719339